[Event "Neumarkt am Wallersee op 14th"]
[Site "Neumarkt am Wallersee"]
[Date "2015.08.25"]
[Round "4"]
[White "Dellert, Lena"]
[Black "Loreth, Viktor"]
[Result "1-0"]
[WhiteElo "1835"]
[BlackElo "1962"]
[PlyCount "117"]
[EventDate "2015.08.22"]
[EventType "swiss"]
[EventRounds "9"]
[EventCountry "AUT"]
[SourceTitle "EXT 2016"]
[Source "ChessBase"]
[SourceDate "2015.10.08"]
[SourceVersion "1"]
[SourceVersionDate "2015.10.08"]
[SourceQuality "1"]

1. e4 c5 2. Nc3 g6 3. d4 cxd4 4. Qxd4 Nf6 5. Nf3 Nc6 6. Qa4 d6 7. e5 dxe5 8. Nxe5 Bd7 9. Nxd7 Qxd7 10. Be3 Bg7 11. Rd1 Qg4 12. Qb3 Rb8 13. h3 Qh4 14. Be2 0-0 15. 0-0 b6 16. Qb5 Nd8 17. Bg5 a6 18. Bxh4 axb5 19. Nxb5 Nc6 20. c3 h6 21. Bg3 Rbc8 22. Bf3 Nd8 23. Rfe1 Ne6 24. Nd4 Nxd4 25. Rxd4 e6 26. Rd6 b5 27. Rb6 Rfd8 28. Rxb5 Nd5 29. Rd1 f5 30. Bxd5 exd5 31. Rbxd5 Re8 32. Kf1 Rc4 33. f3 Kh7 34. Rd7 h5 35. Re1 Rg8 36. Be5 g5 37. Bxg7 g4 38. Bd4+ Kg6 39. f4 Rc6 40. Kf2 h4 41. Ree7 gxh3 42. gxh3 Kh6 43. Rh7+ Kg6 44. Rxh4 Re6 45. Rh8 Rxh8 46. Bxh8 Kh5 47. a4 Rh6 48. Be5 Kh4 49. b4 Kxh3 50. b5 Kh2 51. a5 Kh1 52. Rd1+ Kh2 53. b6 Rh7 54. a6 Rh3 55. b7 Rg3 56. Rh1+ Kxh1 57. Kxg3 Kg1 58. b8Q Kf1 59. a7 1-0

[Event "Neumarkt am Wallersee op 14th"]
[Site "Neumarkt am Wallersee"]
[Date "2015.08.24"]
[Round "3"]
[White "Loreth, Viktor"]
[Black "Lederer, Peter"]
[Result "1-0"]
[WhiteElo "1962"]
[BlackElo "2052"]
[PlyCount "35"]
[EventDate "2015.08.22"]
[EventType "swiss"]
[EventRounds "9"]
[EventCountry "AUT"]
[SourceTitle "EXT 2016"]
[Source "ChessBase"]
[SourceDate "2015.10.08"]
[SourceVersion "1"]
[SourceVersionDate "2015.10.08"]
[SourceQuality "1"]

1. e4 c5 2. Nf3 g6 3. d4 cxd4 4. Qxd4 Nf6 5. Bb5 Qa5+ 6. Nc3 Nc6 7. Bxc6 bxc6 8. e5 Nd5 9. e6 f6 10. exd7+ Bxd7 11. Bd2 e5 12. Nxe5 Bc5 13. Qe4 0-0 14. Nxd5 Bxf2+ 15. Kd1 cxd5 16. Bxa5 dxe4 17. Nxd7 Rfd8 18. Ke2 1-0

[Event "AUT-ch U18"]
[Site "St Veit"]
[Date "2015.03.31"]
[Round "5.4"]
[White "Loreth, Viktor"]
[Black "Atzl, Florian"]
[Result "1-0"]
[WhiteElo "1849"]
[BlackElo "1894"]
[PlyCount "41"]
[EventDate "2015.03.29"]
[EventType "swiss"]
[EventRounds "7"]
[EventCountry "AUT"]
[SourceTitle "EXT 2024"]
[Source "ChessBase"]
[SourceDate "2023.10.10"]
[SourceVersion "1"]
[SourceVersionDate "2023.10.10"]
[SourceQuality "1"]

1. e4 c5 2. Nf3 e6 3. Nc3 a6 4. g3 Qc7 5. Bg2 Nc6 6. 0-0 Nf6 7. d3 Be7 8. Ng5 h6 9. Nh3 0-0 10. f4 d6 11. Nf2 Bd7 12. Ng4 Nd4 13. Be3 Nxg4 14. Qxg4 Nxc2 15. Bd2 Nxa1 16. f5 Bg5 17. Bxg5 hxg5 18. f6 gxf6 19. Rxf6 Rfe8 20. Qxg5+ Kf8 21. Rh6 1-0

[Event "AUT-ch U18"]
[Site "St Veit"]
[Date "2015.03.31"]
[Round "4.2"]
[White "Mesaros, Florian"]
[Black "Loreth, Viktor"]
[Result "1-0"]
[WhiteElo "2325"]
[BlackElo "1849"]
[PlyCount "101"]
[EventDate "2015.03.29"]
[EventType "swiss"]
[EventRounds "7"]
[EventCountry "AUT"]
[SourceTitle "EXT 2024"]
[Source "ChessBase"]
[SourceDate "2023.10.10"]
[SourceVersion "1"]
[SourceVersionDate "2023.10.10"]
[SourceQuality "1"]

1. Nf3 Nf6 2. c4 g6 3. Nc3 Bg7 4. e4 d6 5. d4 0-0 6. Be2 c5 7. 0-0 cxd4 8. Nxd4 Nc6 9. Be3 Nxd4 10. Bxd4 Bd7 11. f3 Bc6 12. b4 Ne8 13. b5 Bd7 14. f4 f5 15. Bf3 Rc8 16. exf5 Rxf5 17. Bxg7 Nxg7 18. Qd4 Be6 19. Nd5 Qd7 20. b6 Bxd5 21. cxd5 a6 22. Bg4 Rc2 23. Rfc1 Rxc1+ 24. Rxc1 Qb5 25. Bxf5 Nxf5 26. Qe4 Qxb6+ 27. Kh1 Qb2 28. Re1 Qxa2 29. Qe6+ Kg7 30. g4 Qf2 31. Qe4 Nh6 32. Qxe7+ Nf7 33. Qe3 Qxe3 34. Rxe3 g5 35. fxg5 Ne5 36. Rb3 b5 37. Ra3 Nxg4 38. Rxa6 Nf2+ 39. Kg2 Ne4 40. h4 Kg6 41. Rb6 Kf5 42. Rxb5 Nc3 43. Rb7 Nxd5 44. Rxh7 Nf4+ 45. Kf3 Nd3 46. Rf7+ Ke6 47. Rf6+ Ke7 48. Ke4 Ne5 49. h5 Nd7 50. Kf5 d5 51. h6 1-0

[Event "AUT-ch U18"]
[Site "St Veit"]
[Date "2015.03.30"]
[Round "3.3"]
[White "Loreth, Viktor"]
[Black "Hoegl, Emanuel"]
[Result "1-0"]
[WhiteElo "1849"]
[BlackElo "1871"]
[PlyCount "139"]
[EventDate "2015.03.29"]
[EventType "swiss"]
[EventRounds "7"]
[EventCountry "AUT"]
[SourceTitle "EXT 2024"]
[Source "ChessBase"]
[SourceDate "2023.10.10"]
[SourceVersion "1"]
[SourceVersionDate "2023.10.10"]
[SourceQuality "1"]

1. e4 c6 2. Nc3 d5 3. Nf3 dxe4 4. Nxe4 Bg4 5. h3 Bxf3 6. Qxf3 e6 7. c3 Nf6 8. d4 Nbd7 9. Bf4 Nxe4 10. Qxe4 Nf6 11. Qe5 Nd5 12. Bg3 Qb6 13. 0-0-0 Ne7 14. Bd3 Ng6 15. Qh5 Ne7 16. Rhe1 g6 17. Qf3 Bh6+ 18. Bf4 Bxf4+ 19. Qxf4 0-0 20. h4 Nd5 21. Qh6 Qd8 22. h5 Qf6 23. g3 Qg7 24. Qg5 h6 25. Qh4 g5 26. Qg4 Rfe8 27. Re5 Nf6 28. Qe2 Nd7 29. Re3 Kh8 30. Re1 Qf6 31. Re4 Rg8 32. c4 Rad8 33. Qe3 Qg7 34. f4 gxf4 35. Rxf4 Rdf8 36. Qe4 f5 37. Qxe6 Rf6 38. Qe3 Qxg3 39. Qxg3 Rxg3 40. Re8+ Kg7 41. Bxf5 Nb6 42. Rb8 Rf7 43. Rg4+ Rxg4 44. Bxg4 Re7 45. b3 a5 46. Rd8 Re4 47. Bd1 Re7 48. Rd6 Re4 49. Rg6+ Kf8 50. Rxh6 Rxd4 51. Rh7 Rd7 52. Rxd7 Nxd7 53. Kd2 Kg7 54. Ke3 Kf6 55. Kd4 b6 56. Bf3 Ne5 57. Be2 Nd7 58. Bd3 Kg5 59. Bg6 Kf6 60. Be8 Ne5 61. Ke4 a4 62. h6 Ng4 63. h7 Kg7 64. Bxc6 axb3 65. axb3 Kxh7 66. Kd5 Ne3+ 67. Kd6 Nf5+ 68. Kc7 Nd4 69. Ba4 b5 70. cxb5 1-0

[Event "AUT-ch U14"]
[Site "Woerth"]
[Date "2014.06.09"]
[Round "6"]
[White "Loreth, Viktor"]
[Black "Koelber, Daniel"]
[Result "0-1"]
[WhiteElo "2018"]
[BlackElo "1287"]
[PlyCount "92"]
[EventDate "2014.06.07"]
[EventType "swiss"]
[EventRounds "7"]
[EventCountry "AUT"]
[SourceTitle "EXT 2016"]
[Source "ChessBase"]
[SourceDate "2015.10.08"]
[SourceVersion "1"]
[SourceVersionDate "2015.10.08"]
[SourceQuality "1"]

1. e4 e5 2. Nf3 Nc6 3. c3 Nf6 4. d4 exd4 5. cxd4 d5 6. e5 Ne4 7. Nbd2 Bb4 8. Be2 0-0 9. 0-0 Bf5 10. a3 Ba5 11. Nb3 Bb6 12. Be3 Qe7 13. Ne1 f6 14. f3 Ng5 15. f4 Ne4 16. Bb5 fxe5 17. Bxc6 bxc6 18. fxe5 Bg6 19. Nf3 Bh5 20. Nbd2 Nxd2 21. Qxd2 Bxf3 22. Rxf3 Rxf3 23. gxf3 Rf8 24. f4 c5 25. dxc5 Bxc5 26. Rc1 Bxe3+ 27. Qxe3 c5 28. Rxc5 Rxf4 29. Rc8+ Rf8 30. Rxf8+ Kxf8 31. Qf3+ Qf7 32. Kf2 Qxf3+ 33. Kxf3 Ke7 34. Ke3 Ke6 35. Kd4 g5 36. b4 h5 37. a4 g4 38. b5 h4 39. Ke3 Kxe5 40. a5 d4+ 41. Ke2 Kd5 42. Kd3 Kc5 43. b6 axb6 44. axb6 Kxb6 45. Kxd4 g3 46. hxg3 h3 0-1

[Event "AUT-ch U14"]
[Site "Woerth"]
[Date "2014.06.09"]
[Round "5"]
[White "Ly, Dominik"]
[Black "Loreth, Viktor"]
[Result "1-0"]
[WhiteElo "1822"]
[BlackElo "2018"]
[PlyCount "93"]
[EventDate "2014.06.07"]
[EventType "swiss"]
[EventRounds "7"]
[EventCountry "AUT"]
[SourceTitle "EXT 2016"]
[Source "ChessBase"]
[SourceDate "2015.10.08"]
[SourceVersion "1"]
[SourceVersionDate "2015.10.08"]
[SourceQuality "1"]

1. e4 c5 2. Nf3 Nc6 3. d4 cxd4 4. Nxd4 e5 5. Nb5 a6 6. Nd6+ Bxd6 7. Qxd6 Qf6 8. Qd1 Qg6 9. Nc3 d5 10. Nxd5 Qxe4+ 11. Be3 Nd4 12. Nc7+ Ke7 13. Nxa8 Nxc2+ 14. Kd2 Nxe3 15. Bd3 Nxd1 16. Bxe4 Nxf2 17. Rhe1 Nf6 18. Bc2 Be6 19. Nb6 Rd8+ 20. Ke2 Rd6 21. Kxf2 Rxb6 22. b3 Rc6 23. Rac1 g6 24. h3 Kd6 25. Bd3 Bd5 26. Rxc6+ Bxc6 27. Bc4 Nd5 28. Rd1 b5 29. Bxd5 Bxd5 30. g4 f6 31. h4 Ke6 32. Rc1 Kd7 33. Rc5 Bc6 34. g5 fxg5 35. hxg5 Kd6 36. Rc1 Bd7 37. Rh1 Bf5 38. Rxh7 Kc6 39. Ke3 Kc5 40. Ra7 Kb6 41. Re7 Ka5 42. Ra7 Bb1 43. a3 Kb6 44. Re7 Bc2 45. b4 Bf5 46. Rxe5 a5 47. Rxf5 1-0

[Event "AUT-ch U14"]
[Site "Woerth"]
[Date "2014.06.08"]
[Round "3"]
[White "Hapala, Christoph"]
[Black "Loreth, Viktor"]
[Result "1-0"]
[WhiteElo "1595"]
[BlackElo "2018"]
[PlyCount "45"]
[EventDate "2014.06.07"]
[EventType "swiss"]
[EventRounds "7"]
[EventCountry "AUT"]
[SourceTitle "EXT 2016"]
[Source "ChessBase"]
[SourceDate "2015.10.08"]
[SourceVersion "1"]
[SourceVersionDate "2015.10.08"]
[SourceQuality "1"]

1. e4 c5 2. Nf3 Nc6 3. d4 cxd4 4. Nxd4 g6 5. Nc3 Bg7 6. Be3 Nf6 7. Be2 0-0 8. 0-0 d5 9. Nxc6 bxc6 10. e5 Nd7 11. f4 f6 12. exf6 Bxf6 13. Bd4 c5 14. Bxf6 Nxf6 15. b3 Bb7 16. Bd3 d4 17. Ne4 Rc8 18. f5 Nd5 19. fxg6 Nf4 20. Rxf4 Rxf4 21. Qh5 e5 22. Qxh7+ Kf8 23. g7+ 1-0

[Event "Ratten op 21st"]
[Site "Ratten"]
[Date "2014.05.29"]
[Round "2"]
[White "Behling, Robert"]
[Black "Loreth, Viktor"]
[Result "1/2-1/2"]
[WhiteElo "2137"]
[BlackElo "1985"]
[PlyCount "59"]
[EventDate "2014.05.29"]
[EventType "swiss"]
[EventRounds "5"]
[EventCountry "AUT"]
[SourceTitle "CBM 160 Extra"]
[Source "ChessBase"]
[SourceDate "2014.07.01"]
[SourceVersion "1"]
[SourceVersionDate "2014.07.01"]
[SourceQuality "1"]

1. d4 Nf6 2. c4 c5 3. d5 e6 4. Nc3 exd5 5. Nxd5 Nxd5 6. Qxd5 Nc6 7. Bd2 d6 8. Nf3 Be6 9. Qe4 Be7 10. e3 Bf6 11. Qc2 d5 12. cxd5 Qxd5 13. Bd3 Rc8 14. 0-0 Ne5 15. Nxe5 Qxe5 16. Bc3 Qb8 17. Bb5+ Ke7 18. b3 Rhd8 19. Bxf6+ gxf6 20. Bc4 Qe5 21. Rad1 Bf5 22. Qe2 a6 23. a4 Rxd1 24. Rxd1 Rc6 25. f4 Qc3 26. Bd5 Rc7 27. e4 Be6 28. g3 Bxd5 29. exd5+ Kd6 30. Qe1 1/2-1/2

[Event "Ratten op 21st"]
[Site "Ratten"]
[Date "2014.05.29"]
[Round "1"]
[White "Loreth, Viktor"]
[Black "Sprotte, Norbert"]
[Result "0-1"]
[WhiteElo "1985"]
[BlackElo "2190"]
[PlyCount "48"]
[EventDate "2014.05.29"]
[EventType "swiss"]
[EventRounds "5"]
[EventCountry "AUT"]
[SourceTitle "CBM 160 Extra"]
[Source "ChessBase"]
[SourceDate "2014.07.01"]
[SourceVersion "1"]
[SourceVersionDate "2014.07.01"]
[SourceQuality "1"]

1. e4 e6 2. d4 d5 3. Nc3 Bb4 4. Bd2 Nc6 5. a3 Be7 6. Be3 dxe4 7. Nxe4 f5 8. Nc5 Bxc5 9. dxc5 Qxd1+ 10. Rxd1 Nf6 11. Nf3 Ke7 12. Nd4 Bd7 13. Nxc6+ Bxc6 14. f3 e5 15. Bc4 f4 16. Bc1 Rad8 17. Kf2 Be8 18. Rhe1 Rxd1 19. Rxd1 g5 20. Re1 e4 21. fxe4 Kf8 22. e5 Ng4+ 23. Kg1 Nxe5 24. g3 Nf3+ 0-1

[Event "Neumarkt am Wallersee op 12th"]
[Site "Neumarkt am Wallersee"]
[Date "2013.08.31"]
[Round "8"]
[White "Loreth, Viktor"]
[Black "Besner, Bernhard"]
[Result "1/2-1/2"]
[WhiteElo "1552"]
[BlackElo "2199"]
[PlyCount "155"]
[EventDate "2013.08.24"]
[EventType "swiss"]
[EventRounds "9"]
[EventCountry "AUT"]
[SourceTitle "CBM 156 Extra"]
[Source "ChessBase"]
[SourceDate "2013.10.22"]
[SourceVersion "1"]
[SourceVersionDate "2013.10.22"]
[SourceQuality "1"]

1. Nf3 d5 2. c4 e6 3. Nc3 c5 4. d4 cxd4 5. Nxd4 dxc4 6. e3 e5 7. Nf3 Qxd1+ 8. Nxd1 Nc6 9. Bxc4 Bb4+ 10. Bd2 Bxd2+ 11. Nxd2 Nf6 12. Nc3 0-0 13. Nde4 Nxe4 14. Nxe4 Rd8 15. Ke2 Bg4+ 16. f3 Bf5 17. Ng5 Rd7 18. Rhd1 Rad8 19. g4 Bg6 20. h4 h5 21. Rxd7 Rxd7 22. Rd1 Rxd1 23. Kxd1 Kf8 24. Kd2 Ke7 25. Kc3 Nd8 26. Bd5 b6 27. a3 f6 28. Ne4 Ne6 29. b4 Be8 30. Ng3 Nc7 31. Bc4 g6 32. gxh5 gxh5 33. Nf5+ Kd7 34. Kd3 Bg6 35. e4 a6 36. Ne3 Kd6 37. Nd5 b5 38. Ba2 Ne6 39. Ke3 f5 40. exf5 Bxf5 41. f4 Nd4 42. fxe5+ Kxe5 43. Nc7 Bc8 44. Bf7 Nf5+ 45. Kd3 Kd6 46. Ne8+ Ke7 47. Bxh5 Nxh4 48. Nc7 Kd6 49. Ne8+ Ke5 50. Kc3 Ng2 51. Nc7 Nf4 52. Bd1 Kd6 53. Ne8+ Ke7 54. Nc7 Kd8 55. Nxa6 Bxa6 56. a4 Kc7 57. axb5 Bxb5 58. Bf3 Kb6 59. Kd4 Bf1 60. Ke3 Ne6 61. Be2 Bh3 62. b5 Kc5 63. Bd3 Bg4 64. Be2 Bh3 65. Bd3 Nc7 66. Kd2 Bg2 67. Be2 Nd5 68. Kd3 Kxb5 69. Kd4+ Kc6 70. Bd3 Nf6 71. Bc4 Kd6 72. Bd3 Bd5 73. Bc4 Bc6 74. Bd3 Bb7 75. Bc2 Nd7 76. Be4 Ba6 77. Bd3 Bc8 78. Bf5 1/2-1/2

[Event "Neumarkt am Wallersee op 12th"]
[Site "Neumarkt am Wallersee"]
[Date "2013.08.28"]
[Round "5"]
[White "Loreth, Viktor"]
[Black "Frank, Emanuel"]
[Result "1-0"]
[WhiteElo "1552"]
[BlackElo "2129"]
[PlyCount "99"]
[EventDate "2013.08.24"]
[EventType "swiss"]
[EventRounds "9"]
[EventCountry "AUT"]
[SourceTitle "CBM 156 Extra"]
[Source "ChessBase"]
[SourceDate "2013.10.22"]
[SourceVersion "1"]
[SourceVersionDate "2013.10.22"]
[SourceQuality "1"]

1. e4 e5 2. Nf3 Nc6 3. Nc3 g6 4. d4 exd4 5. Nxd4 Bg7 6. Be3 Nge7 7. Qd2 d6 8. 0-0-0 Be6 9. h4 Qd7 10. f3 h6 11. Nxe6 fxe6 12. g4 0-0-0 13. a3 d5 14. exd5 exd5 15. Bxh6 Be5 16. Bg2 Na5 17. f4 Nc4 18. Qd3 Bxc3 19. Qxc3 c6 20. Rhe1 Rde8 21. Re2 Nd6 22. Rde1 Nb5 23. Qf6 Qxg4 24. Rxe7 Rd8 25. Qe6+ Qxe6 26. R7xe6 Nd4 27. Re7 Nf5 28. Bh3 Rd7 29. Bxf5 gxf5 30. Bg5 b5 31. Re8+ Rxe8 32. Rxe8+ Kc7 33. Re7 Rxe7 34. Bxe7 Kd7 35. Bc5 a5 36. Kd2 Z0 37. Ke3 Ke6 38. Kd4 a4 39. c3 Kf6 40. Bd6 Ke6 41. Be5 Ke7 42. Kc5 Kd7 43. Bb8 Kc8 44. Bd6 Kd7 45. Be5 d4 46. Bxd4 Ke7 47. Be5 Kd7 48. Bb8 Kc8 49. Bd6 Kb7 50. Be5 1-0

[Event "AUT-ch U14"]
[Site "Linz"]
[Date "2013.05.19"]
[Round "3"]
[White "Loreth, Viktor"]
[Black "Kogler, Paul"]
[Result "1/2-1/2"]
[WhiteElo "1464"]
[BlackElo "1591"]
[PlyCount "100"]
[EventDate "2013.05.18"]
[EventType "swiss"]
[EventRounds "7"]
[EventCountry "AUT"]
[SourceTitle "EXT 2015"]
[Source "ChessBase"]
[SourceDate "2014.11.20"]
[SourceVersion "1"]
[SourceVersionDate "2014.11.20"]
[SourceQuality "1"]

1. e4 c6 2. d4 d5 3. Nc3 dxe4 4. Nxe4 Bf5 5. Ng3 Bg6 6. Bf4 Nd7 7. h4 h6 8. Nf3 e6 9. c3 Ngf6 10. Bd3 Bxd3 11. Qxd3 Be7 12. Ne4 c5 13. Nd6+ Bxd6 14. Bxd6 Qb6 15. dxc5 Nxc5 16. Bxc5 Qxc5 17. Rd1 Qb6 18. Qc2 Ke7 19. 0-0 Rhd8 20. Nd4 Rac8 21. Qe2 Kf8 22. Rd2 Rd5 23. Rfd1 Rcd8 24. Qe3 e5 25. Nb3 Rxd2 26. Rxd2 Qxe3 27. fxe3 Rxd2 28. Nxd2 Nd7 29. Kf2 Nc5 30. b3 e4 31. Kg3 f5 32. Kf4 g6 33. h5 Nd3+ 34. Kg3 g5 35. Kh2 Ne5 36. Kg1 Ke7 37. Kf2 Ke6 38. c4 Nd3+ 39. Kf1 Kd6 40. a3 Ke5 41. g3 g4 42. b4 Kd6 43. Nb3 Nb2 44. Nd4 Ke5 45. c5 Nc4 46. c6 bxc6 47. Nxc6+ Kd6 48. Nxa7 Nxa3 49. Nc8+ Kd7 50. Nb6+ Kd6 1/2-1/2

[Event "AUT-ch U14"]
[Site "Linz"]
[Date "2013.05.18"]
[Round "2"]
[White "Atzl, Florian"]
[Black "Loreth, Viktor"]
[Result "1-0"]
[WhiteElo "1784"]
[BlackElo "1464"]
[PlyCount "91"]
[EventDate "2013.05.18"]
[EventType "swiss"]
[EventRounds "7"]
[EventCountry "AUT"]
[SourceTitle "EXT 2015"]
[Source "ChessBase"]
[SourceDate "2014.11.20"]
[SourceVersion "1"]
[SourceVersionDate "2014.11.20"]
[SourceQuality "1"]

1. e4 c5 2. Nf3 g6 3. d4 cxd4 4. Nxd4 Bg7 5. Nc3 Nc6 6. Be3 d6 7. Bb5 Bd7 8. 0-0 Nf6 9. Nb3 0-0 10. Qd2 a6 11. Be2 Rc8 12. f3 Ne5 13. Bh6 Nc4 14. Bxc4 Rxc4 15. Bxg7 Kxg7 16. Rfd1 Qb6+ 17. Kh1 Rfc8 18. Rac1 Be6 19. Ne2 Rb4 20. Ned4 Bxb3 21. axb3 Qc5 22. c3 Rb6 23. b4 Qe5 24. Re1 Nh5 25. Qe3 Kh8 26. g4 Nf4 27. Ne6 fxe6 28. Qxb6 Nd3 29. Qxb7 Rf8 30. Qxe7 Rxf3 31. Re3 Rf2 32. Qh4 Nxc1 33. Qxf2 Kg7 34. Qc2 Na2 35. Kg2 Qf4 36. Rg3 Nc1 37. h3 d5 38. exd5 exd5 39. Rf3 Qg5 40. Qd1 h5 41. Qd4+ Kg8 42. Qf4 Qxf4 43. Rxf4 Nd3 44. Rd4 Nxb2 45. gxh5 gxh5 46. Rxd5 1-0

[Event "Styrian op U08/12 19th"]
[Site "Mureck"]
[Date "2012.08.06"]
[Round "6"]
[White "Moerwald, Miriam"]
[Black "Loreth, Viktor"]
[Result "1-0"]
[WhiteElo "1072"]
[BlackElo "1447"]
[PlyCount "47"]
[EventDate "2012.08.01"]
[EventType "swiss"]
[EventRounds "9"]
[EventCountry "AUT"]
[SourceTitle "EXT 2014"]
[Source "ChessBase"]
[SourceDate "2013.11.20"]
[SourceVersion "1"]
[SourceVersionDate "2013.11.20"]
[SourceQuality "1"]

1. e4 c5 2. Nf3 Nc6 3. d4 cxd4 4. Nxd4 Nf6 5. Nc3 d6 6. Be3 e6 7. Be2 Bd7 8. Qd2 a6 9. 0-0-0 b5 10. Bf3 b4 11. Nce2 a5 12. Kb1 Ne5 13. Rhg1 Nc4 14. Qd3 Nxe3 15. fxe3 Rb8 16. g4 a4 17. g5 Ng8 18. h4 g6 19. e5 dxe5 20. Nc6 Bxc6 21. Bxc6+ Ke7 22. Qa6 Qc8 23. Qa7+ Rb7 24. Qc5# 1-0

[Event "Styrian op U08/12 19th"]
[Site "Mureck"]
[Date "2012.08.03"]
[Round "3"]
[White "Gelbenegger, Patrick"]
[Black "Loreth, Viktor"]
[Result "1-0"]
[WhiteElo "1634"]
[BlackElo "1447"]
[PlyCount "111"]
[EventDate "2012.08.01"]
[EventType "swiss"]
[EventRounds "9"]
[EventCountry "AUT"]
[SourceTitle "EXT 2014"]
[Source "ChessBase"]
[SourceDate "2013.11.20"]
[SourceVersion "1"]
[SourceVersionDate "2013.11.20"]
[SourceQuality "1"]

1. e4 c5 2. Nf3 Nc6 3. d4 cxd4 4. Nxd4 d5 5. Bb5 Bd7 6. exd5 Nxd4 7. Bxd7+ Qxd7 8. Qxd4 Nf6 9. c4 e6 10. 0-0 Bd6 11. Nc3 0-0 12. Bf4 Bxf4 13. Qxf4 exd5 14. Rfd1 Rfe8 15. Nxd5 Nxd5 16. Rxd5 Qe6 17. h3 Qe2 18. Qd4 Qc2 19. Rg5 g6 20. Re5 Red8 21. Rd5 Re8 22. Qd2 Qe4 23. Kf1 Qh4 24. Re1 Rf8 25. Qg5 Qxg5 26. Rxg5 Rad8 27. Rge5 Rd2 28. R5e2 Rd7 29. Re7 Rd2 30. R7e2 Rd7 31. g3 a6 32. Re7 Rd2 33. R1e2 Rxe2 34. Kxe2 b6 35. Rb7 Re8+ 36. Kf1 Re6 37. Kg2 Kg7 38. Kf3 Kf6 39. Rd7 h5 40. h4 Re7 41. Rxe7 Kxe7 42. Ke4 Ke6 43. Kd4 Kd6 44. f3 f6 45. b4 g5 46. f4 gxh4 47. gxh4 Kc6 48. Ke4 b5 49. c5 Kd7 50. Kf5 Ke7 51. Kg6 a5 52. a3 axb4 53. axb4 f5 54. Kxf5 Kf7 55. Kg5 Kg7 56. c6 1-0

[Event "Styrian op U08/12 19th"]
[Site "Mureck"]
[Date "2012.08.02"]
[Round "2"]
[White "Loreth, Viktor"]
[Black "Hadler, Hannah"]
[Result "1/2-1/2"]
[WhiteElo "1447"]
[BlackElo "1087"]
[PlyCount "24"]
[EventDate "2012.08.01"]
[EventType "swiss"]
[EventRounds "9"]
[EventCountry "AUT"]
[SourceTitle "EXT 2014"]
[Source "ChessBase"]
[SourceDate "2013.11.20"]
[SourceVersion "1"]
[SourceVersionDate "2013.11.20"]
[SourceQuality "1"]

1. e4 e5 2. Nf3 Nc6 3. Bc4 Bc5 4. b4 Bxb4 5. c3 Bc5 6. d4 exd4 7. 0-0 dxc3 8. Qb3 Qe7 9. Bg5 Nf6 10. Bxf6 Qxf6 11. e5 Qg6 12. Nxc3 d6 1/2-1/2

[Event "AUT-ch U12"]
[Site "Tschagguns"]
[Date "2012.05.26"]
[Round "2"]
[White "Loreth, Viktor"]
[Black "Nussbaumer, Patrick"]
[Result "0-1"]
[WhiteElo "1474"]
[BlackElo "1632"]
[PlyCount "58"]
[EventDate "2012.05.26"]
[EventType "swiss"]
[EventRounds "7"]
[EventCountry "AUT"]
[SourceTitle "CBM 148 Extra"]
[Source "ChessBase"]
[SourceDate "2012.06.22"]
[SourceVersion "1"]
[SourceVersionDate "2012.06.22"]
[SourceQuality "1"]

1. e4 c5 2. Nc3 d6 3. f4 Nc6 4. Bb5 Bd7 5. Bxc6 Bxc6 6. d3 g6 7. Nf3 Bg7 8. 0-0 Qb6 9. Qe1 Nf6 10. Kh1 0-0 11. Qh4 Rfe8 12. f5 e6 13. Bh6 Qxb2 14. Bxg7 Kxg7 15. Ne2 exf5 16. Nf4 fxe4 17. g4 exf3 18. g5 f2+ 19. Ng2 Nd5 20. Qxf2 Rf8 21. Rab1 Qe5 22. h4 Ne3 23. Rfe1 Rae8 24. Kg1 Bxg2 25. Rxe3 Qxe3 26. Qxe3 Rxe3 27. Kxg2 Re2+ 28. Kf3 Rfe8 29. Rh1 Rxc2 0-1